| 000 | 00631 a2200217 4500 | ||
|---|---|---|---|
| 005 | 20260101162347.0 | ||
| 008 | 260101b |||||||| |||| 00| 0 eng d | ||
| 020 |
_a9788197989018 _cRs. 350.00 |
||
| 040 | _aMAIN | ||
| 082 |
_a612.0150071 _bB469L(2) |
||
| 100 | _aBhaskar, Neeru | ||
| 245 | _aLogbook in biochemistry, including foundation course and AETCOM modules for MBBS phase | ||
| 250 | _a2nd | ||
| 260 |
_bCBS Publishers and Distributors _aNew Delhi _c2025 |
||
| 300 | _a80 | ||
| 650 | _aHuman Biochemistry | ||
| 650 | _aMedical Education | ||
| 650 | _aAETCOM Modules | ||
| 700 | _aTangri, Priyanka | ||
| 942 | _cBK | ||
| 999 |
_c393627 _d393627 |
||